Del mapa a la casa: experiencias autodeterminación en el territorio del arte. CED Valparaíso

Guardado en:
Detalles Bibliográficos
Autores principales: Muñoz Báez, Jocelyn (autora), Silva, Carlos (Autor), Mansilla, Nancy (Autor), Illanes, Carol (Autor), Gabler, Francisco (Autor), Apablaza, Rosa (Autor), Santos, Juan José (Autor)
Formato: Libro
Lenguaje:español
Publicado: Valparaíso Circuitos Espacios Domesticos 2016
Edición:1a. ed
Materias:
Etiquetas: Agregar Etiqueta
Sin Etiquetas, Sea el primero en etiquetar este registro!

MARC

LEADER 00000cam a2200000 a 4500
001 UCD6484
003 CL-VaPUC
008 161209e20160000cl |||||||||||||||||spa|d
020 |a 9789563627046 
082 0 4 |a 725.76  |b MUÑ  |2 21 
100 |a Muñoz Báez, Jocelyn  |e autora  |9 583204 
651 0 |a Valparaíso, Chile  |9 261144 
700 0 |a Silva, Carlos  |e author  |9 507726 
700 0 |a Mansilla, Nancy  |e author  |9 590306 
700 0 |a Illanes, Carol  |e author  |9 590307 
700 0 |a Gabler, Francisco  |e author  |9 590308 
700 0 |a Apablaza, Rosa  |e author  |9 590309 
700 0 |a Santos, Juan José  |e author  |9 590310 
245 1 0 |a Del mapa a la casa: experiencias autodeterminación en el territorio del arte. CED Valparaíso 
250 |a 1a. ed 
300 |a pág. irreg 
942 |c BK 
945 |d 20161209 23:21:00  |a arojas 
260 |a Valparaíso  |b Circuitos Espacios Domesticos  |c 2016 
650 0 |a Puerto de Valparaíso  |9 575494 
650 7 |a REVITALIZACION  |2 CL-VaPUC  |9 579375 
650 0 |a Arquitectura urbana   |9 331978 
650 0 |a Espacios públicos  |9 468964 
583 |a last modification  |c 20190125 02:46:45  |k Rodrigo Vera 
999 |c 366799  |d 366797 
952 |0 0  |1 0  |3 erb  |4 0  |6 725_760000000000000_MUÑ_2016  |7 0  |8 A  |9 481333  |a BIBART  |b BIBART  |i 5355656  |o 725.76 MUÑ 2016  |p 5355656  |r 2025-03-13  |w 2019-11-24  |y BK  |z Catalogado en:20161209  |k ART 
952 |0 0  |1 0  |3 erb  |4 0  |6 725_760000000000000_MUÑ_2016  |7 0  |8 A  |9 481334  |a BIBART  |b BIBART  |i 5355664  |o 725.76 MUÑ 2016  |p 5355664  |r 2025-03-13  |w 2019-11-24  |y BK  |z Catalogado en:20161209  |k ART 
952 |0 0  |1 0  |3 erb  |4 0  |6 725_760000000000000_MUÑ_2016  |7 0  |8 A  |9 481335  |a BIBART  |b BIBART  |i 5532337  |o 725.76 MUÑ 2016  |p 5532337  |r 2025-03-13  |w 2019-11-24  |y BK  |z Catalogado en:20190125  |k ART